India that is Bharat : (Record no. 10281)

MARC details
000 -LEADER
fixed length control field 02338cam a2200421 i 4500
001 - CONTROL NUMBER
control field 22357259
003 - CONTROL NUMBER IDENTIFIER
control field GBCCL
005 - DATE AND TIME OF LATEST TRANSACTION
control field 20241126110729.0
008 - FIXED-LENGTH DATA ELEMENTS--GENERAL INFORMATION
fixed length control field 211221s2021 ii a b 001 0 eng
010 ## -
-- 2020335937
020 ## - INTERNATIONAL STANDARD BOOK NUMBER
International Standard Book Number 9789354352492
Qualifying information (HB)
020 ## - INTERNATIONAL STANDARD BOOK NUMBER
Canceled/invalid ISBN 9789354350047
Qualifying information (eBook)
025 ## - OVERSEAS ACQUISITION NUMBER
Overseas acquisition number I-E-2020335937; 56-91; 63-91
037 ## - SOURCE OF ACQUISITION
Source of stock number/acquisition Library of Congress -- New Delhi Overseas Office
040 ## - CATALOGING SOURCE
Original cataloging agency DLC
Language of cataloging eng
Description conventions rda
Transcribing agency DLC
Modifying agency DLC
042 ## -
-- lcode
-- pcc
043 ## -
-- a-ii---
050 00 -
-- DS463
-- .S14818 2021
082 ## - DEWEY DECIMAL CLASSIFICATION NUMBER
Classification number 342.02954
Item number DEE
100 1# - MAIN ENTRY--PERSONAL NAME
Personal name Sai Deepak, J.,
Relator term author.
9 (RLIN) 17847
245 10 - TITLE STATEMENT
Title India that is Bharat :
Remainder of title coloniality, civilisation, constitution /
Statement of responsibility, etc. J. Sai Deepak.
264 #1 - PRODUCTION, PUBLICATION, DISTRIBUTION, MANUFACTURE, AND COPYRIGHT NOTICE
Place of production, publication, distribution, manufacture New Delhi :
Name of producer, publisher, distributor, manufacturer Bloomsbury,
Date of production, publication, distribution, manufacture, or copyright notice 2021.
300 ## - PHYSICAL DESCRIPTION
Extent xxiv, 460 pages :
Other physical details illustrations ;
Dimensions 24 cm.
336 ## - CONTENT TYPE
Content type term text
Content type code txt
Source rdacontent
337 ## - MEDIA TYPE
Media type term unmediated
Media type code n
Source rdamedia
338 ## - CARRIER TYPE
Carrier type term volume
Carrier type code nc
Source rdacarrier
490 0# - SERIES STATEMENT
Series statement The Bharat trilogy ;
Volume/sequential designation Book 1
500 ## - GENERAL NOTE
General note "India, that Is Bharat, the first book of a comprehensive Bharat trilogy, explores the influence of European "colonial consciousness" (or "coloniality"), particularly its religious and racial roots, on Bharat as the successor state to the Indic civilisation and the origins of the Indian Constitution. It lays the foundation for its sequels by covering the period between the age of discovery, marked by Christopher Columbus' expedition in 1492, and the reshaping of Bharat through a British-made constitution-the Government of India Act of 1919. This includes international developments leading to the founding of the League of Nations by Western powers that tangibly impacted this journey."--Front jacket folded flap.
504 ## - BIBLIOGRAPHY, ETC. NOTE
Bibliography, etc. note Includes bibliographical references and index.
505 0# - FORMATTED CONTENTS NOTE
Formatted contents note Foreword /
Statement of responsibility by Dr. Gautam Sen -- Acknowledgements -- Introduction --
Miscellaneous information Section I.
Title Coloniality --
Miscellaneous information Section II.
Title Civilisation --
Miscellaneous information Section III.
Title Constitution -- Notes -- Index -- About the author.
530 ## -
-- Also available as an e-book.
650 #0 - SUBJECT ADDED ENTRY--TOPICAL TERM
Topical term or geographic name entry element Constitutional history
Geographic subdivision India.
9 (RLIN) 17848
651 #0 - SUBJECT ADDED ENTRY--GEOGRAPHIC NAME
Geographic name India
General subdivision History
Chronological subdivision British occupation, 1765-1947.
9 (RLIN) 5128
651 #0 - SUBJECT ADDED ENTRY--GEOGRAPHIC NAME
Geographic name India
General subdivision History
Chronological subdivision 1000-1765.
9 (RLIN) 17849
906 ## - LOCAL DATA ELEMENT F, LDF (RLIN)
a 7
b cbc
c origode
d 3
e ncip
f 20
g y-gencatlg
942 ## - ADDED ENTRY ELEMENTS (KOHA)
Source of classification or shelving scheme Dewey Decimal Classification
Koha item type Books
Holdings
Withdrawn status Lost status Source of classification or shelving scheme Damaged status Not for loan Home library Current Library Shelving location Date acquired Total checkouts Full call number Barcode Date last seen Date last checked out Copy number Price effective from Koha item type
    Dewey Decimal Classification     GRACE BIBLE COLLEGE GRACE BIBLE COLLEGE General Studies 2024-05-13 3 342.02954 DEE 020722 2026-02-16 2026-02-12 c.1 2024-05-13 Books
© Grace Bible College Library 2025